| 000 | 01169cam a22003134a 4500 | ||
|---|---|---|---|
| 001 | 12216971 | ||
| 003 | OSt | ||
| 005 | 20231016083341.0 | ||
| 008 | 001031s2001 paua b 001 0 eng | ||
| 010 | _a 00052058 | ||
| 020 | _a0781723795 | ||
| 040 |
_aDLC _cDLC _dDLC |
||
| 042 | _apcc | ||
| 050 | 0 | 0 |
_aRC280.B8 _bR67 2001 |
| 082 | 0 | 0 |
_aQZ 140 R723r 2001 _221 |
| 100 | 1 |
_aRosen, Paul Peter. _91935 |
|
| 245 | 1 | 0 | _aRosen's Breast Pathology |
| 250 | _a2nd ed. | ||
| 260 |
_aPhiladelphia; _bLippincott Williams & Wilkins, _c2001. |
||
| 300 |
_axviii, 1004 p. : _bill. (some col.) ; _c29 cm. |
||
| 504 | _aIncludes bibliographical references and index. | ||
| 650 | 0 |
_aBreast Cancer _91936 |
|
| 650 | 0 |
_aPathophysiology _91863 |
|
| 856 | 4 | 2 |
_3Publisher description _uhttp://www.loc.gov/catdir/enhancements/fy0711/00052058-d.html |
| 856 | 4 | 1 |
_3Table of contents only _uhttp://www.loc.gov/catdir/enhancements/fy1012/00052058-t.html |
| 906 |
_a7 _bcbc _corignew _d1 _eocip _f20 _gy-gencatlg |
||
| 942 |
_2z _cSLOAN |
||
| 999 |
_c727 _d727 |
||